000 00592nam a2200241 a 4500
001 nice12345678
003 IN_TiNIC
005 20260116012140.0
008 050524s1970 newa grp 000 0 eng
020 _a
_c100
082 0 0 _a270.82
_bJAM
100 _aJameson, Vic
245 _aWhat Does God Required of Us Now
260 _aNew York
_bAbingdon Press
_c1970
300 _a43p
500 _aincludes index and biblioraphy
505 2 _aAppendex, Bibliography, Index
650 _aEcumenicalism
700 1 _aJameson, Vic
902 _bSRS
942 _cBK
999 _c5829
_d5829